000
00240nam a2200109Ia 4500
008
190216s9999||||xx |||||||||||||| ||und||
100
_a
Kuchhal M C
245
0
_a
Mercantile Law
260
_b
S Chand & Co
_c
1987
300
_a
613p
942
_c
BK
999
_c
5400
_d
5400